Practical surveying: a text-book for students preparing for examinations or for survey work in the colonies. (Record no. 91740)

MARC details
000 -LEADER
fixed length control field 00610cam a2200217 4500
001 - CONTROL NUMBER
control field J1791
008 - FIXED-LENGTH DATA ELEMENTS--GENERAL INFORMATION
fixed length control field 090401t1946 xxu||||| |||| 00| 0 eng d
035 ## - SYSTEM CONTROL NUMBER
System control number (Sirsi) u45503
041 ## - LANGUAGE CODE
Language code of text/sound track or separate title eng
050 ## - LIBRARY OF CONGRESS CALL NUMBER
Classification number 526.9
100 ## - MAIN ENTRY--PERSONAL NAME
Personal name Usill, G.W.
245 ## - TITLE STATEMENT
Title Practical surveying: a text-book for students preparing for examinations or for survey work in the colonies.
250 ## - EDITION STATEMENT
Edition statement 14th ed revised
260 ## - PUBLICATION, DISTRIBUTION, ETC.
Place of publication, distribution, etc. London
Name of publisher, distributor, etc. Technical Press
Date of publication, distribution, etc. 1946
300 ## - PHYSICAL DESCRIPTION
Extent viii,379p. : ill. ; 19cm
350 ## - PRICE (NR) (BK AM CF MU VM SE) [OBSOLETE]
Price 0
690 ## - LOCAL SUBJECT ADDED ENTRY--TOPICAL TERM (OCLC, RLIN)
Topical term or geographic name as entry element LAND SURVEYING
700 ## - ADDED ENTRY--PERSONAL NAME
Personal name Hearn, Gordon, Sir,
International Standard Serial Number Editor
942 ## - ADDED ENTRY ELEMENTS (KOHA)
Suppress in OPAC 0
948 ## - LOCAL PROCESSING INFORMATION (OCLC); SERIES PART DESIGNATOR (RLIN)
c (OCLC) 04/03/1997
Holdings
Withdrawn status Lost status Source of classification or shelving scheme Damaged status Not for loan Home library Current library Shelving location Date acquired Total Checkouts Full call number Barcode Date last seen Copy number Price effective from Koha item type
    Dewey Decimal Classification     London London Basement 09/09/1993   SHELF 136 30039594 06/08/2019 1 06/08/2019 Book